00825cam a2200181Ia 4500008004100000020002200041245003500063260012100098300002900219500017900248504004100427650003600468650003100504710008100535003000100616005001700617040000900634  a0852987315 (pbk.)00aSmall scale basic steam plant. aLondon:bPublished by Mechanical Engineering Publications Limited for the Institution of Mechanical Engineers,c1990 a102 p. :bill. ;c30 cm. a"Papers presented at a seminar organized by the Steam Plant Committee of the Power Industries Division of the Institution of Mechanical Engineers and held ... 22 March 1990." aIncludes bibliographical references. 0aSteam power-plantsvCongresses. 0aSteam-boilersvCongresses.2 aInstitution of Mechanical Engineers (Great Britain).bSteam Plant Committee.20230123133531.0 cNUST